Prevencin̤ de la delincuencia grave y organizada en la Unin̤ Europea De la cooperacin̤ a la integracin̤ /

Detalles Bibliográficos
Autor principal: Alli Turrillas, Ignacio
Formato: eBook
Lenguaje:español
Publicado: Madrid: Dykinson, 2016
Materias:
Acceso en línea:Acceso restringido

MARC

LEADER 00000nam a22000007a 4500
005 20161215222456.0
007 cr|||| ||||
008 161215s2016 es |||||s|||| 00||0 spa d
020 |a 978-84-9085-849-3 
035 |a 14665 
040 |a vLex 
090 |c 6499  |d 6499 
100 1 |a Alli Turrillas, Ignacio 
245 1 0 |a Prevencin̤ de la delincuencia grave y organizada en la Unin̤ Europea  |h [Recurso electrn̤ico] :  |b De la cooperacin̤ a la integracin̤ /  |c Ignacio Alli Turrillas 
256 |a Servicio en ln̕ea 
260 |a Madrid:  |b Dykinson,  |c 2016 
300 |a 1 recurso electrn̤ico 
506 1 |a Disponible solo en los productos indicados  |d vLex Global  |d vLex Global (Academic Edition, excluding Law Schools)  |d vLex Global (U.S. Academic Edition, Law Schools)  |d vLex Global (U.S. Academic Edition, excluding Law Schools)  |d vLex Global (Academic Edition, Law Schools) 
650 0 4 |a Derecho Comunitario  |z Espaą 
740 0 |a vLex Libros (Servicio en ln̕ea) 
856 4 0 |u http://vlex.com/source/prevencion-delincuencia-grave-organizada-union-europea-14665  |z Acceso restringido 
942 |c BOOK 
999 0 |a Community Law